Relaciones públicas prácticas / (Record no. 33809)

MARC details
000 -LEADER
campo de control de longitud fija 00418nam a2200157 i 4500
001 - NÚMERO DE CONTROL
campo de control 33809
003 - IDENTIFICADOR DE NÚMERO DE CONTROL
campo de control ES-MaACL
005 - FECHA Y HORA DE LA ÚLTIMA TRANSACCIÓN
campo de control 20230906154827.0
007 - CAMPO FIJO DE DESCRIPCIÓN FÍSICA--INFORMACIÓN GENERAL
campo de control de longitud fija t|
008 - DATOS DE LONGITUD FIJA--INFORMACIÓN GENERAL
campo de control de longitud fija 030203s1965 sp ||||1| spa d
100 1# - ENTRADA PRINCIPAL--NOMBRE DE PERSONA
Nombre de persona Black, Sam.
9 (RLIN) 29065
245 10 - MENCIÓN DEL TÍTULO
Título Relaciones públicas prácticas /
Mención de responsabilidad, etc. por Sam Black.
260 ## - PUBLICACIÓN, DISTRIBUCIÓN, ETC.
Lugar de publicación, distribución, etc. Madrid :
Nombre del editor, distribuidor, etc. Compi,
Fecha de publicación, distribución, etc. [1965]
300 ## - DESCRIPCIÓN FÍSICA
Extensión XV, 282 p. ;
Dimensiones 22 cm.
852 ## - LOCALIZACIÓN
Ubicación ES-MaACL
Número de control de estantería C-28094
Sublocalización o colección R.57429
Holdings
Estatus retirado Estado de pérdida Estado de daño No para préstamo Biblioteca de origen Biblioteca actual Ubicación en estantería Fecha de adquisición Fuente de adquisición Total de préstamos Signatura topográfica completa Código de barras Visto por última vez Precio de reemplazo Tipo de ítem Koha
        Biblioteca del Ateneo de Madrid Biblioteca del Ateneo de Madrid Depósito 2 17/01/2008     C-28094 1035192 23/02/2023 23/02/2023 Libro impreso